000 00264nam a22001217a 4500
003 OSt
005 20250703095931.0
008 250703b |||||||| |||| 00| 0 eng d
040 _cDLC
082 _a346.0132
245 _aThe Children Act (Cap. 141)
942 _2ddc
_cBK
999 _c4115
_d4115